000 00373nam a2200133Ia 4500
008 230917s9999||||xx |||||||||||||| ||und||
040 _e181801
_aMAIN
041 _aEnglish
082 _a891.43301731 SC59J
100 _aसौनररेक्सा, चन्द्रकिरण
245 0 _aजवान मिट्टी
300 _a262 पृ. p.
942 _cHN
999 _c65277
_d65277